Rainbow Six Siege Operators - Statistics

General Stats
  • This quiz has been taken 76 times
    45 since last reset
  • The average score is 50 of 75
Answer Stats
Hint Answer % Correct
Spetsnaz Glaz
94%
FBI SWAT Ash
89%
GSG9 Blitz
89%
SAS Mute
89%
SAS Smoke
89%
FBI SWAT Thermite
89%
Navy SEALs Blackbeard
83%
Spetsnaz Fuze
83%
GSG9 IQ
83%
GEO Mira
83%
GIGN Montagne
83%
SAS Sledge
83%
SAS Thatcher
83%
GIGN Twitch
83%
707th SMB Vigil
83%
JTF2 Buck
78%
BOPE Caveira
78%
GIGN Doc
78%
707th SMB Dokkaebi
78%
JTF2 Frost
78%
GSG9 Jager
78%
GIGN Rook
78%
Recruit - Rainbow Sentry
78%
Spetsnaz Tachanka
78%
Nighthaven Ace
72%
FBI SWAT Castle
72%
SASR Gridlock
72%
Nighthaven Kali
72%
Spetsnaz Kapkan
72%
Jaeger Corps Nokk
72%
FBI SWAT Pulse
72%
Recruit - Rainbow Striker
72%
Navy SEALs Valkyrie
72%
GIS Alibi
67%
Unaffiliated Azami
67%
GSG9 Bandit
67%
BOPE Capitao
67%
Keres Legion Deimos
67%
SAT Echo
67%
CBRN Threat Unit Finka
67%
Nighthaven Grim
67%
GEO Jackal
67%
GIGR Kaid
67%
GIS Maestro
67%
SASR Mozzie
67%
SFG Sens
67%
Secret Service Warden
67%
APCA Amaru
61%
GROM Ela
61%
SAT Hibana
61%
REU Iana
61%
Delta Force - GSUTR Maverick
61%
Nighthaven Osa
61%
DAE Tubarao
61%
GROM Zofia
61%
MPS - GSUTR Clash
56%
Unaffiliated Flores
56%
FES Goyo
56%
SDU Lesion
56%
CBRN Threat Unit Lion
56%
GIGR Nomad
56%
35th Commando Battalion Ram
56%
Fourth Echelon Zero
56%
Nighthaven Aruni
50%
Unaffiliated Oryx
50%
STAR-NET Aviation Thunderbird
50%
Nighthaven Wamai
50%
SDU Ying
50%
COT Brava
44%
Inkaba Task Force Melusi
44%
NZSAS Rauora
44%
EKAM/Rainbow Skopos
44%
Unaffiliated Fenrir
39%
Garda ERU Thorn
33%
AFEAU Solis
28%
No matching quizzes found
Score Distribution
Percent of People with Each Score
Percentile by Number Answered
Your Score History
You have not taken this quiz since the last reset